Statistics for Countries with the Most Tourists Quiz

Click here to take the quiz!

General Stats

  • This quiz has been taken 205,042 times
    (51,822 since last reset)
  • The average score is 19 of 24

Answer Stats

# ArrivalsCountry% Correct
79.6 mUnited States
99%
89.4 mFrance
98%
62.9 mChina
98%
62.1 mItaly
96%
36.3 mUnited Kingdom
96%
82.8 mSpain
96%
38.9 mGermany
94%
31.1 mJapan
93%
24.6 mRussia
92%
41.4 mMexico
92%
21.1 mCanada
92%
17.4 mIndia
88%
22.8 mPortugal
82%
30.1 mGreece
82%
38.3 mThailand
77%
45.8 mTurkey
74%
19.0 mNetherlands
71%
19.6 mPoland
68%
30.8 mAustria
67%
15.5 mVietnam
58%
15.9 mUnited Arab Emirates
49%
25.8 mMalaysia
46%
16.6 mCroatia
44%
17.1 mHungary
41%

Score Distribution

Percentile by Number Answered

Percent of People with Each Score

Your Score History

You have not taken this quiz since the last reset